000 01184nam0a2200301 i 4500
001 RU\NLR\BIBL_A\010729708
005 20240921204958.0
010 _a9785906369048
_92000
021 _aRU
_b2015-398и
_944и
035 _a(NILC)RuMoRGB-007898467
035 _a(NLR Aleph) 010729708
090 _a9859442
_c9859442
100 _a20150415d2014 u y0rusy50 ca
101 0 _arus
102 _aRU
105 _aa|||t|||000zy
200 1 _aНовейшая история банков в картинках
_e[комикс]
_fИнформ. агентство Bankir. ru
210 _a[ Казань]
_cИздательский дом Маковского
_cАгентство Bankir. ru
_d2014
215 _a56 с.
_cцв. ил.
_d21
606 1 _aБанки
_jПопулярные издания
_xИстория
_92127096
_3RU\NLR\AUTH\661283786
686 1 _aУ26(0)210-03я9
712 0 2 _4570
_7ca
_7ba
_aBankir.ru, информационное агентство
_cМосква
_9462134
_3RU\NLR\AUTH\880397745
801 0 _aRU
_bРГБ
_c20150327
_gRCR
801 1 _aRU
_bРГБ
_c20150327
_2rusmarc
942 _cBOOK
980 _aNBR